000 00987nam a2200313 a 4500
001 1827872
005 20251016103405.0
008 811208s1981 enka b 001 0 eng
010 _a 80042039
020 _a0521239915
020 _a0521283922
_qpbk.
020 _a9780521239912
020 _a9780521283922
_q(pbk.)
035 _a1827872
040 _aDLC
_cDLC
_dDLC
082 0 0 _a620.118
_bH912 I
100 1 _aHull, Derek.
_940426
245 1 3 _aAn introduction to composite materials /
_cDerek Hull.
260 _aCambridge ;
_aNew York :
_bCambridge University Press,
_c1981.
300 _ax, 246 p. :
_bill. ;
_c23 cm.
336 _atext
_btxt
_2rdacontent
337 _aunmediated
_bn
_2rdamedia
338 _avolume
_bnc
_2rdacarrier
440 0 _aCambridge solid state science series
_9131201
504 _aIncludes bibliographies and index.
650 0 _aComposite materials.
_925366
906 _a7
_bcbc
_corignew
_d3
_eocip
_f19
_gy-gencatlg
942 _2ddc
_cBK
_e1st
999 _c615191
_d615191